مشروع الخطة الخمسية 82 / 1981 - 86 / 1987. مج. 9 الاستراتيجية العامة للتنمية الاقليمية
عملية التنمية ليست عملية اقتصادية بحتة ولكنها عملية تطور حضاري شامل للمجتمع من خلال تحقيق تفاعل سوي بين حركة العوامل الاقتصادية والاجتماعية لدعم القدرات الذاتية للاقتصاد القومي....
Saved in:
| 主要作者: | |
|---|---|
| 格式: | 图书 |
| 语言: | 阿拉伯语 |
| 出版: |
القاهرة :
وزارة التخطيط،
1981.
|
| 主题: | |
| 标签: |
添加标签
没有标签, 成为第一个标记此记录!
|
MARC
| LEADER | 00000nam a22000007a 4500 | ||
|---|---|---|---|
| 003 | INP | ||
| 005 | 20251021094033.0 | ||
| 008 | 180129b1981 ua k|||fr||||f00| 0 ara d | ||
| 040 | |a EG-INP |b ara |c EG-INP | ||
| 082 | 0 | 4 | |2 21 |a 352.96 |b م ش 82/1981-86/1987 |
| 100 | |a وزارة التخطيط | ||
| 245 | 0 | 2 | |a مشروع الخطة الخمسية 82 / 1981 - 86 / 1987. |n مج. 9 |p الاستراتيجية العامة للتنمية الاقليمية |
| 260 | |a القاهرة : |b وزارة التخطيط، |c 1981. |m 1401 | ||
| 300 | |a 241 ص. ؛ |c 25 سم. | ||
| 500 | |a إصدار أغسطس 1981. | ||
| 520 | |a عملية التنمية ليست عملية اقتصادية بحتة ولكنها عملية تطور حضاري شامل للمجتمع من خلال تحقيق تفاعل سوي بين حركة العوامل الاقتصادية والاجتماعية لدعم القدرات الذاتية للاقتصاد القومي. | ||
| 650 | 7 | |2 qrmak |a الإذاعة | |
| 650 | 7 | |2 qrmak |a التنمية الاقتصادية | |
| 650 | 7 | |2 qrmak |a التنمية الاجتماعية | |
| 650 | 7 | |2 qrmak |a الاحوال الاقتصادية | |
| 901 | |a EGPV | ||
| 903 | |a copycat | ||
| 942 | |2 ddc |c PL | ||
| 952 | |0 0 |1 0 |4 0 |6 352_960000000000000_م_ش_82_198186_1987 |7 0 |9 25094 |a INP |b INP |c JOUR |d 2025-10-21 |l 0 |o 352.96 م ش 82/1981-86/1987 |p 026246 |r 2025-10-21 00:00:00 |w 2025-10-21 |y PL | ||
| 999 | |c 19898 |d 19898 | ||